| 000 | 00358nam a22001457a 4500 | ||
|---|---|---|---|
| 003 | SGT | ||
| 020 | _a9788123915012 | ||
| 082 | _a547.30028,CLA | ||
| 100 | _aCLARKE,HANS THACHER | ||
| 245 | _aA HANDBOOK OF ORGANIC ANALYSIS QUALITATIVE & QUANTITATIVE | ||
| 260 |
_aNEW DELHI _bCBS _c2007 |
||
| 300 | _a291 | ||
| 650 | _aORGANIC CHEMISTRY | ||
| 942 |
_2ddc _cFPS _02 |
||
| 999 |
_c9537 _d9537 |
||